ARRUPE JESUIT UNIVERSITY

CORONAVIRUS -STOP THE SPREAD - CLEAN,DISINFECT,COVER

Between poetry and politics : (Record no. 117786)

MARC details
000 -LEADER
fixed length control field 01073cam a2200301 a 4500
001 - CONTROL NUMBER
control field 13511545
003 - CONTROL NUMBER IDENTIFIER
control field ARRUPE
005 - DATE AND TIME OF LATEST TRANSACTION
control field 20130916164413.0
008 - FIXED-LENGTH DATA ELEMENTS--GENERAL INFORMATION
fixed length control field 031114s2003 ie b 010 0 eng
010 ## - LIBRARY OF CONGRESS CONTROL NUMBER
LC control number 2004396582
020 ## - INTERNATIONAL STANDARD BOOK NUMBER
International Standard Book Number 1856074153
035 ## - SYSTEM CONTROL NUMBER
System control number (OCoLC)ocm53436111
040 ## - CATALOGING SOURCE
Original cataloging agency IEKBA
Transcribing agency IEKBA
Modifying agency DLC
050 00 - LIBRARY OF CONGRESS CALL NUMBER
Classification number BR115.P7
Item number B48 2003
300 ## - PHYSICAL DESCRIPTION
Dimensions 22 cm.
245 00 - TITLE STATEMENT
Title Between poetry and politics :
Remainder of title essays in honour of Enda McDonagh /
Statement of responsibility, etc edited by Linda Hogan and Barbara FitzGerald.
260 ## - PUBLICATION, DISTRIBUTION, ETC. (IMPRINT)
Place of publication, distribution, etc Dublin :
Name of publisher, distributor, etc The Columba Press,
Date of publication, distribution, etc 2003.
300 ## - PHYSICAL DESCRIPTION
Extent 236 p. ;
600 10 - SUBJECT ADDED ENTRY--PERSONAL NAME
Personal name McDonagh, Enda.
9 (RLIN) 153
650 #0 - SUBJECT ADDED ENTRY--TOPICAL TERM
Topical term or geographic name as entry element Christianity and politics.
9 (RLIN) 154
650 #0 - SUBJECT ADDED ENTRY--TOPICAL TERM
Topical term or geographic name as entry element Theology.
Source of heading or term Addresses
9 (RLIN) 155
700 1# - ADDED ENTRY--PERSONAL NAME
Personal name Hogan, Linda,
Dates associated with a name 1964-
9 (RLIN) 156
700 1# - ADDED ENTRY--PERSONAL NAME
Personal name FitzGerald, Barbara.
9 (RLIN) 157
700 1# - ADDED ENTRY--PERSONAL NAME
Personal name McDonagh, Enda.
9 (RLIN) 158
856 41 - ELECTRONIC LOCATION AND ACCESS
Materials specified Table of contents only
Uniform Resource Identifier <a href="http://www.loc.gov/catdir/toc/fy0702/2004396582.html">http://www.loc.gov/catdir/toc/fy0702/2004396582.html</a>
906 ## - LOCAL DATA ELEMENT F, LDF (RLIN)
a 7
b cbc
c copycat
d 2
e ncip
f 20
g y-gencatlg
942 ## - ADDED ENTRY ELEMENTS (KOHA)
Source of classification or shelving scheme Library of Congress Classification
Koha item type Monograph ( Printed materials)
Holdings
Withdrawn status Lost status Source of classification or shelving scheme Damaged status Not for loan Collection code Home library Current library Shelving location Date acquired Total Checkouts Full call number Barcode Date last seen Price effective from Koha item type
    Library of Congress Classification     Main Collection ARRUPE LIBRARY ARRUPE LIBRARY Main Collection 16/09/2013   BT80.B46 2003 46411759 16/09/2013 16/09/2013 Monograph ( Printed materials)

 

Arrupe Library. PO Box MP320 Mt Pleasant, Harare, Zimbabwe
263 242 745411|librarian@aju.ac.zw